Lowest College Acceptance Rates in America - Statistics

General Stats
  • This quiz has been taken 67 times
  • The average score is 13 of 20
Answer Stats
Rank College % Correct
1 Harvard University
100%
3 Yale University
96%
8 Massachusetts Institute of Technology
88%
4 Princeton University
88%
2 Stanford University
88%
12 Brown University
86%
5 Columbia University in the City of New York
77%
11 University of Pennsylvania
72%
6 California Institute of Technology
70%
14 Northwestern University
70%
15 Dartmouth College
68%
16 Duke University
68%
7 University of Chicago
65%
19 Johns Hopkins University
58%
17 Vanderbilt University
49%
10 Pomona College
35%
18 Harvey Mudd College
28%
9 Claremont McKenna College
23%
20 Swarthmore College
23%
13 Franklin W. Olin College of Engineering
0%
No matching quizzes found
Score Distribution
Percent of People with Each Score
Percentile by Number Answered
Your Score History
You have not taken this quiz